Welcome to the Holygrace Academy Library

Please use search bar below to get started

HALF GIRL FRIEND (Record no. 2643)

MARC details
000 -LEADER
fixed length control field 00497nam a22001457a 4500
020 ## - INTERNATIONAL STANDARD BOOK NUMBER
ISBN 978-81-291-3572-8
082 ## - DEWEY DECIMAL CLASSIFICATION NUMBER
Classification number 823
Item number BHA/H
100 ## - MAIN ENTRY--AUTHOR NAME
Personal name BHAGAT, CHETAN
245 ## - TITLE STATEMENT
Title HALF GIRL FRIEND
260 ## - PUBLICATION, DISTRIBUTION, ETC. (IMPRINT)
Place of publication DELHI
Name of publisher RUPA PUBLICATIONS
Year of publication 2014
300 ## - PHYSICAL DESCRIPTION
Number of Pages 260
520 ## - SUMMARY, ETC.
Summary, etc Madhav Jha, a student from Bihar, takes admission in a Delhi college and falls in love with Riya Somani. He coaxes her to be his girlfriend, but she is not interested in him romantically.
650 ## - SUBJECT ADDED ENTRY--TOPICAL TERM
Topical Term NOVEL
Geographic subdivision INDIA
942 ## - ADDED ENTRY ELEMENTS (KOHA)
Koha item type Books
Holdings
Withdrawn status Lost status Collection code Home library Current library Shelving location Date acquired Source of acquisition Cost, normal purchase price Full call number Accession Number Koha item type
    Fiction Main Library Main Library SHELF-14B -ALPHABETICAL -B--ENGLISH NOVELS & FICTIONS 13/07/2015 purchase 176.00 823 BHA/H 05336 Books